| 000 | 00704nam a2200229 a 4500 | ||
|---|---|---|---|
| 001 | BRL_1572 | ||
| 005 | 20190320211252.0 | ||
| 008 | 140314s1922----gw-a######---#000-0#ger-# | ||
| 041 | _ager | ||
| 044 | _agw | ||
| 050 | 4 |
_aNE1030 _b.B83 1922 |
|
| 100 | 1 |
_aBucherer, Max _97408 |
|
| 245 | 1 | 0 |
_aDer original holzschnitt _beine einführung in sein wesen u. seine technik _cvon Max Bucherer und Fritz Ehlotzky. |
| 260 |
_aMünchen _bDerlegt bei Ernft Reinhardt _c1922 |
||
| 300 |
_a103 p. _bil. _c27 cm. |
||
| 500 | _aAu1825 | ||
| 650 | 1 | 4 |
_aGrabado en madera _xHistoria _97363 |
| 650 | 1 | 4 |
_aGrabado en madera _xTécnica _927320 |
| 700 | 1 |
_aEhlotzky, Fritz _ecoaut. _97410 |
|
| 902 | _aGRL | ||
| 942 |
_2lcc _cB |
||
| 999 |
_c10381 _d10381 |
||